00361nam a2200133 a 45000010010000000030011000100080041000210350026000620820014000881000022001022450046001242600044001706500013002140000-8567ELIB.Books110520 1928  a(ELIB.Books)0000-8713 a230 bKir aKirth, Kenneth E. aThe Vision of God: the Christian Doctrine bLondon: Longmans, Green and Co,. c1928 aTheology